000 00588nam a2200205Ia 4500
003 GCL
008 140319s9999 xx 000 0 ara d
040 _aGCL /
_cGCL
082 0 4 _a340.1
_bب ف
100 1 _aسموحى فوق العادة
245 1 0 _aفلسفة القانون /
_cسموحى فوق العادة
700 1 _aباثيفول
260 _a[S.N] :
_bمنشورات عويدان ،
_c1984
300 _a115 ص
490 _aزدنى علما
_v0
650 0 4 _aالقانون
650 0 4 _aفلسفة
650 0 4 _aالقانون الطبيعى
942 _2ddc
_cBK
999 _c36006
_d36006